| 000 | 00920cam a2200289 i 4500 | ||
|---|---|---|---|
| 001 | 19495 | ||
| 003 | Mx-PuUPA | ||
| 005 | 20250813100430.0 | ||
| 008 | 140415s1991 mx gr 000 0 spa d | ||
| 020 | _a9682438209 | ||
| 040 |
_aMx-PuUPA _bspa _cMx-PuUPA _dMx-PuUPA _erda |
||
| 041 | 0 | _aspa | |
| 100 | 1 |
_aCárdenas Tabares, Fabio, _99729 _eautor |
|
| 245 | 1 | 0 |
_aProyectos turísticos : _blocalización e inversión / _cFabio Cárdenas Tabares |
| 250 |
_aPrimera edición / _benero |
||
| 264 | 1 |
_aMéxico, D.F. : _bEditorial Trillas, _c©1991 |
|
| 300 |
_a75 páginas ; _c24 cm |
||
| 336 |
_2rdacontent _atexto _btxt |
||
| 337 |
_2rdamedia _asin medio _bn |
||
| 338 |
_2rdacarrier _avolumen _bnc |
||
| 490 | 0 | _aTrillas turismo | |
| 650 | 7 |
_2armarc _aTurismo |
|
| 650 | 7 |
_2armarc _aTurismo _xPlanificación |
|
| 942 |
_2ddc _cLI _h381.459104 _iC26 |
||
| 999 |
_c19495 _d19495 |
||